Flags with moons. - Statistics

General Stats
  • This quiz has been taken 8 times
  • The average score is 10 of 20
Answer Stats
Hint Answer % Correct
Asia Maldives
88%
Africa Mauritania
88%
Asia Turkey
88%
Africa Algeria
75%
Asia Pakistan
75%
Africa Comoros
63%
Africa Libya
63%
Asia Turkmenistan
63%
Asia Uzbekistan
63%
Asia Malaysia
50%
Europe Croatia
38%
Asia Laos
38%
Europe Moldova
38%
Asia Mongolia
38%
Asia Nepal
38%
Asia Singapore
38%
Asia Azerbaijan
25%
Asia Brunei
25%
Oceania Palau
25%
Africa Tunisia
25%
No matching quizzes found
Score Distribution
Percent of People with Each Score
Percentile by Number Answered
Your Score History
You have not taken this quiz